| 000 | 00540nam a2200181Ia 4500 | ||
|---|---|---|---|
| 001 | 17762 | ||
| 005 | 20260306171541.0 | ||
| 008 | 260306s9999||||xx |||||||||||||| ||und|| | ||
| 041 | _aESP | ||
| 082 |
_a658.15224 _bB94 |
||
| 100 |
_aBurnett, Ken _eAUT |
||
| 245 | 0 |
_aRelationship fundraising, a donor-based approach to the business of raising money: _ba donor-based approach to the business of raising money |
|
| 260 | _c2002 | ||
| 300 |
_axxxiv, 350 páginas : _c24 cm. |
||
| 650 | _aGEN | ||
| 654 | _aCAN | ||
| 942 |
_cLIB _dJUS _fJUS _2ddc _n |
||
| 999 |
_c17762 _d17762 |
||